000 00851cam a22002411 4500
001 g 01000332
003 DLC
005 20260227111251.0
008 830111s1885 gw ab 000 0 ger
010 _ag 01000332
035 _a(OCoLC)9119913
040 _aDLC
_cMBU
_dDLC
042 _apremarc
050 0 0 _aDT471
_b.F19
100 1 _aFalkenstein, Julius August Ferdinand,
_d1842-
245 0 0 _aAfrikas westküste.
_cVom Ogowe bis zum Damaraland, von Dr. J. Falkenstein. Mit 17 vollbildern und 64 in den text gedruckten abbildungen.
260 _aLeipzig,
_bG. Freytag; [etc., etc.]
_c1885.
300 _a2 p., l., 241 p.
_bfront., illus., map.
_c20 cm.
490 0 _aDas wissen der gegenwart ...
_vxxix. bd.
500 _aDer weltteil Afrika ... III.
651 0 _aAfrica, West
_xDescription and travel.
650 0 _aEthnology
_zAfrica, West.
999 _c23444
_d23444